| Tag |
First Indicator |
Second Indicator |
Subfields |
| LEADER |
00000cam a2200000 a 4500 |
| 001 |
in00001023913 |
| 005 |
20150928121040.0 |
| 008 |
900301s1990 nyua f 0010 eng |
| 010 |
|
|
|a 90012198
|
| 020 |
|
|
|a 0471520748 :
|c $24.95
|
| 035 |
|
|
|a (OCoLC)21230258
|
| 035 |
|
|
|9 AFF8759AM
|
| 040 |
|
|
|a DLC
|c DLC
|d UtOrBLW
|
| 049 |
|
|
|a TXAM
|
| 050 |
0 |
0 |
|a HD69.C6
|b C63 1990
|
| 082 |
0 |
0 |
|a 658.8
|2 20
|
| 100 |
1 |
|
|a Connor, Richard A.
|
| 245 |
1 |
0 |
|a Marketing your consulting and professional services /
|c Dick Connor, Jeffrey P. Davidson.
|
| 250 |
|
|
|a 2nd ed.
|
| 264 |
|
1 |
|a New York :
|b Wiley,
|c [1990]
|
| 264 |
|
4 |
|c ©1990
|
| 300 |
|
|
|a xvii, 236 pages :
|b illustrations ;
|c 24 cm.
|
| 336 |
|
|
|a text
|b txt
|2 rdacontent
|
| 337 |
|
|
|a unmediated
|b n
|2 rdamedia
|
| 338 |
|
|
|a volume
|b nc
|2 rdacarrier
|
| 500 |
|
|
|a Includes index.
|
| 650 |
|
0 |
|a Professions
|x Marketing
|x Handbooks, manuals, etc.
|
| 650 |
|
0 |
|a Consultants
|x Marketing
|x Handbooks, manuals, etc.
|
| 700 |
1 |
|
|a Davidson, Jeffrey P.
|
| 999 |
|
|
|a MARS
|
| 999 |
f |
f |
|s 96a87a0f-f8f2-315f-8207-d4da43efd605
|i c379809b-2c55-3dc9-b977-dbf59dfef7b3
|t 0
|
| 952 |
f |
f |
|p ric
|a Texas A&M University
|b Rellis Campus
|c Joint Library Facility
|d Remote Storage
|t 0
|e HD69.C6 C63 1990
|h Library of Congress classification
|i unmediated -- volume
|m A14815258607
|
| 998 |
f |
f |
|a HD69.C6 C63 1990
|t 0
|l Remote Storage
|